000 003160000a22001450004500
003 MACL
040 _aMACL
090 _c8743
_d8742
100 _aRajsekher, T
245 _aInvestigative Journalism
260 _bSonali Publications
_c2007
350 _a700
650 _aNews Media, Journalism
942 _cBOOK
_k070
999 _c8688
_d8688